000 00287nam a22001217a 4500
008 170426b xxu||||| |||| 00| 0 eng d
041 _aeng
080 _a543
100 _a12
101 _aSHM
245 _aCALCULATIONS OF QUANTITATIVE CHEMICAL ANALYSIS
_cNORRIS, J.F
942 _2udc
_cBK
999 _c12041
_d12041